• 首页
  • 本馆介绍
  • 公告通知
  • 最新文献
  • 馆藏检索
  • 电子资源
  • 读者导购
  • 参考咨询
  • 我的图书馆
  • 登录
  • 详细信息显示
  • 放入我的书架
  • 预约/预借图书
  • 作者相关作品
  • 分类相关作品
  • 丛书相关作品
  • 出版社相关作品

书目信息

  • 表格格式
  • 工作单格式
  • 卡片格式
题名:
图说中国文化
    
 
作者: 赵国玺 编著
分册:   文学卷
出版信息: 长春   吉林人民出版社  2007
页数: 208页
开本: 25cm
丛书名:
单 册:
中图分类: K203-49 , I209-49
科图分类:
主题词: 文化史--中国--通俗读物 , 文学史--中国--通俗读物 , 文化史 , 文学史
电子资源:
ISBN: 978-7-206-05382-5
000 00893nam0 2200277 45
001 1050823750
005 20100419100322.70
010    @a978-7-206-05382-5@dCNY39.80
100    @a20100409e20092007em y0chiy50 ea
101 0  @achi
102    @aCN@b220000
105    @aa z 000yy
106    @ar
200 1  @a图说中国文化@ATu Shuo Zhong Guo Wen Hua@i文学卷@IWen Xue Juan@f赵国玺编著@FZhao Guo Xi Bian Zhu
210    @a长春@c吉林人民出版社@d2007@h2009
215    @a208页@d25cm
330    @a本书内容包括:中国神话盘古开天地、曹刿论战肉食者鄙、庄周化蝶逍遥游、屈原披发行吟爱国辞、司马相如赋作铺张扬厉等。
606 0  @a文化史@y中国@j通俗读物
606 0  @a文学史@y中国@j通俗读物
606 0  @a文化史
606 0  @a文学史
690    @aK203-49@v4
690    @aI209-49@v4
701  0 @a赵国玺@AZhao Guo Xi@4编著
801  0 @aCN@bTANGWEI@c20100419
905    @b0590848-49@dK203-49@e129:8@f2
    
    图说中国文化.文学卷/赵国玺编著.-长春:吉林人民出版社,2007(2009)
    208页;25cm
    
    
    ISBN 978-7-206-05382-5:CNY39.80
    本书内容包括:中国神话盘古开天地、曹刿论战肉食者鄙、庄周化蝶逍遥游、屈原披发行吟爱国辞、司马相如赋作铺张扬厉等。
●
相关链接 在E读中查询图书 在五车中查询图书 在当当中查询图书 在豆瓣中查询图书


正题名:图说中国文化     索取号:K203-49/129:8         预约/预借

序号 登录号 条形码 馆藏地/架位号 状态 备注
1 0590848   205908482   第二样本阅览室/ [索取号:K203-49/129:8] 在馆    
2 0590849   205908491   第二借阅区/ [索取号:K203-49/129:8] 在馆    
唐山师范学院图书馆 欢迎您!
大连网信软件有限公司© 版权所有